Information Technology-VIII (Record no. 5212)

MARC details
000 -LEADER
fixed length control field 00225nam a22000857a 4500
008 - FIXED-LENGTH DATA ELEMENTS--GENERAL INFORMATION
fixed length control field 170110b xxu||||| |||| 00| 0 eng d
100 ## - MAIN ENTRY--PERSONAL NAME
9 (RLIN) 2304
Personal name Pandey.V.K.etal
245 ## - TITLE STATEMENT
Title Information Technology-VIII
260 ## - PUBLICATION, DISTRIBUTION, ETC. (IMPRINT)
Place of publication, distribution, etc. New Delhi
Name of publisher, distributor, etc. APC
Date of publication, distribution, etc. 2011
Holdings
Withdrawn status Lost status Source of classification or shelving scheme Damaged status Koha normalized classification for sorting Not for loan Home library Current library Shelving location Date acquired Total Checkouts Full call number Barcode Date last seen Price effective from Koha item type
    Dewey Decimal Classification   003_540000000000000   Good Samaritan School Library Good Samaritan School Library Computer Science 01/10/2017   003.54 PAN9056 01/10/2017 01/10/2017 BOOK

Powered by Koha